Vista normal
Vista MARC
Entrada Personal Name
Número de registros utilizados en: 1
001 - CONTROL NUMBER
- control field: 15623
003 - CONTROL NUMBER IDENTIFIER
- control field: DLC
005 - DATE AND TIME OF LATEST TRANSACTION
- control field: 20240424152107.0
008 - FIXED-LENGTH DATA ELEMENTS
- fixed length control field: 160421n| azannaabn |n aaa c
010 ## - LIBRARY OF CONGRESS CONTROL NUMBER
- LC control number: no2016054121
035 ## - SYSTEM CONTROL NUMBER
- System control number: (OCoLC)oca10452672
040 ## - CATALOGING SOURCE
- Original cataloging agency: UkCU
- Language of cataloging: spa
- Description conventions: rda
- Transcribing agency: Mx-PuUPA
- Modifying agency: Mx-PuUPA
046 ## - SPECIAL CODED DATES
- Start period: 20
100 1# - HEADING--PERSONAL NAME
- Personal name: Wood, Brian,
- Titles and other words associated with a name: (Adobe instructor)
372 ## - FIELD OF ACTIVITY
- Field of activity: Software de ordenador
- Field of activity: Escritos
- Field of activity: Capacitación
- Source of term: lcsh
373 ## - ASSOCIATED GROUP
- Associated group: Sistemas Adobe
- Source of term: naf
374 ## - OCCUPATION
- Occupation: Autor
- Occupation: Profesores vocacionales
- Occupation: Autor
- Source of term: lcsh
375 ## - GENDER
- Gender: hombre
377 ## - ASSOCIATED LANGUAGE
- Language code: eng
670 ## - SOURCE DATA FOUND
- Source citation: InDesign CS2 : hands-on training, 2005:
- Information found: t.p. (Brian Wood)
670 ## - SOURCE DATA FOUND
- Source citation: Wood, Brian. Adobe Illustrator CS6, 2012:
- Information found: page 463 (contributor: Brian Wood; Adobe Certified Instructor in Dreamweaver CS5, Acrobat 9 Pro, Illustrator CS5, and the author of seven training books (Illustrator, InDesign, and Adobe Muse) all published by Peachpit Press, as well as numerous training videos and DVDs on Dreamweaver & CSS, InDesign, Illustrator, Acrobat; in addition to training clients he speaks at national conferences, such as Adobe MAX, Getting Started with Dreamweaver and CSS tour, InDesign Conference, Web Design Conference, Creative Suite Conference and at events hosted by AIGA and other industry organisations)